| 000 | 00790nam a2200205Ia 4500 | ||
|---|---|---|---|
| 003 | GCL | ||
| 008 | 140319s9999 xx 000 0 ara d | ||
| 040 |
_aGCL / _cGCL |
||
| 082 | 0 | 4 |
_a327.1156 _bف ن |
| 100 | 1 | _aفواز جرجس | |
| 245 | 1 | 0 |
_aالنظام الاقليمى العربى والقوى الكبرى: دراسة فى العلاقات العربية والعربية الدولية / _cفواز جرجس |
| 300 | _a348 ص | ||
| 490 |
_aمركز دراسات الوحده العربية _v0 |
||
| 650 | 0 | 4 | _aالسياسة |
| 650 | 0 | 4 | _aالعلاقات الدولية |
| 650 | 0 | 4 | _aالبلدان العربية - العلاقات الخارجية |
| 650 | 0 | 4 | _aالنظام الاقليمى العربى |
| 650 | 0 | 4 | _aالعلاقات العربية |
| 942 |
_2ddc _cBK |
||
| 999 |
_c50931 _d50931 |
||